Multifunkčné objekty s vybavenosťou a bývaním, Šaľa - Veča
Enregistré dans:
| Auteur principal: | |
|---|---|
| Autres auteurs: | |
| Format: | Manuscrit Livre |
| Langue: | slovaque |
| Publié: |
2025
|
| Sujets: | |
| Accès en ligne: | http://is.stuba.sk/zp/portal_zp.pl?podrobnosti=184293 CRZP |
| Tags: |
Pas de tags, Soyez le premier à ajouter un tag!
|
MARC
| LEADER | 00000ntm a22000003a 4500 | ||
|---|---|---|---|
| 001 | stuzp105038 | ||
| 003 | SK-STU | ||
| 005 | 20250722141723.6 | ||
| 007 | ta | ||
| 008 | 150427s2015----xo-----f-mn---000-0-slo-d | ||
| 040 | |a STU |b slo | ||
| 041 | 0 | |a slo | |
| 100 | 1 | |a Štefánková, Rebeka |u 010310 |4 aut |U SvF Stavebná fakulta |T SvF Katedra architektúry |X 105994 |U V181|V310 |Y 19 |7 105994 | |
| 242 | 0 | 1 | |a Multifunctional buildings with amenities and housing, Šaľa - Veča |y eng |
| 245 | 1 | 0 | |a Multifunkčné objekty s vybavenosťou a bývaním, Šaľa - Veča |
| 260 | |c 2025 | ||
| 650 | 4 | |a lake |2 eng | |
| 650 | 4 | |a gallery |2 eng | |
| 650 | 4 | |a multifunctionality |2 eng | |
| 650 | 4 | |a green roof |2 eng | |
| 650 | 4 | |a public space |2 eng | |
| 650 | 4 | |a ecology |2 eng | |
| 650 | 4 | |a residential roof |2 eng | |
| 650 | 4 | |a cultural center |2 eng | |
| 650 | 4 | |a verejný priestor |2 slo | |
| 650 | 4 | |a ekológia |2 slo | |
| 650 | 4 | |a zelená strecha |2 slo | |
| 650 | 4 | |a pobytová strecha |2 slo | |
| 650 | 4 | |a multifunkčnosť |2 slo | |
| 650 | 4 | |a jazero |2 slo | |
| 650 | 4 | |a galéria |2 slo | |
| 650 | 4 | |a kultúrne centrum |2 slo | |
| 700 | 1 | |a Bogár, Michal |u 054140 |k Z8 |4 ths |U FAD Fakulta architektúry a dizajnu |T FAD Ústav konštrukcií v architektúre a inžinierskych stavieb |X 71161 |U A4140 |Y 395 |7 A000071161 | |
| 856 | 4 | |u http://is.stuba.sk/zp/portal_zp.pl?podrobnosti=184293 | |
| 856 | 4 | |u https://opac.crzp.sk/?fn=detailBiblioForm&sid=226A7A544DA3649F67513FE9F6D0 |z CRZP | |